000 00806nam a2200253 a 4500
001 2544346
003 OSt
005 20160428115853.0
008 950118s1994 miuab b 000 0 eng
010 _a 94060411
020 _a0472082655
040 _aSEKU
050 0 0 _aPE 1122
_b.R42 1997
245 0 0 _aReader's choice /
_cKim Flachmann ... [et al.].
_bessays for thinking, reading, and writing
250 _a2nd ed.
260 _aAnn Arbor :
_bUniversity of Michigan Press,
_c1997.
300 _a 340 p. :
_bill., maps ;
500 _a"Developed under the auspices of the English Language Institute at The University of Michigan".
504 _aIncludes bibliographical references.
650 0 _aCollege readers.
700 1 _aFlachmann, Kim ...[et..al]
710 2 _a.
942 _2lcc
_cGEN
999 _c13104
_d13104